[Event "Asia-chT"]
[Site "Singapore"]
[Date "1995.??.??"]
[Round "4"]
[White "Katalymov, Boris N"]
[Black "Enhbat, Tegshsuren"]
[Result "1-0"]
[WhiteElo "2460"]
[BlackElo "2285"]

1.e4 c5 2.Nf3 e6 3.Nc3 Nc6 4.d4 cxd4 5.Nxd4 d6 6.g3 Qc7 7.Ndb5 Qb8 8.Bf4 Ne5
9.Bxe5 dxe5 10.Qd3 a6 11.O-O-O Be7 12.Nd6+ Bxd6 13.Qxd6 Qxd6 14.Rxd6 Ke7
15.Rb6 Nf6 16.a4 Rb8 17.a5 Bd7 18.Bd3 Rhc8 19.Kd2 Bc6 20.f3 Rd8 21.Ra1 Rd4
22.Ne2 Rd6 23.Ke3 Nd7 24.Rb4 Rd8 25.Nc1 h5 26.Nb3 g6 27.Rd1 Kf8 28.c4 Nb8
29.Rd2 Kg7 30.h4 Kf8 31.f4 exf4+ 32.gxf4 R6d7 33.Nc5 Rc7 34.Rb6 Nd7 35.Be2 Ke7
36.Nxd7 Rcxd7 37.Rxd7+ Kxd7 38.Rb3 Kc7 39.Rd3 Rb8 40.b4 Bd7 41.Kd4 b6 42.axb6+ Rxb6
43.Kc3 Rb8 44.e5 Bc6 45.Rd6 Rf8 46.c5 Bb5 47.Bc4 f6 48.Bxb5 axb5 49.Kd4 g5
50.exf6 Rxf6 51.fxg5 Rf4+ 52.Ke5 Rxb4 53.Rd4 Rb1 54.g6 Rg1 55.Kf6 Kc6 56.g7 Kxc5
57.Re4 Rxg7 58.Kxg7 e5  1-0

[Event "Asia-chT"]
[Site "Singapore"]
[Date "1995.??.??"]
[Round "4"]
[White "Mariano, Nelson"]
[Black "Saltaev, Mihail"]
[Result "1/2-1/2"]
[WhiteElo "2510"]
[BlackElo "2520"]

1.e4 c5 2.Ne2 e6 3.Nbc3 Nc6 4.d4 cxd4 5.Nxd4 d6 6.g3 a6 7.Bg2 Bd7 8.O-O Nf6
9.a4 Be7 10.Nb3 Na5 11.Nxa5 Qxa5 12.Be3 O-O 13.g4 Bc6 14.g5 Nd7 15.f4 Rfe8
16.Qd2 Bf8 17.Qf2 Rac8 18.Bd4 Qc7 19.Bh3 Nc5 20.Bg2 b6 21.f5 exf5 22.Qxf5 Qd7
23.Rfe1 Rb8 24.Nd5 Qxf5 25.exf5 Rxe1+ 26.Rxe1 Bxa4 27.b3 Bd7 28.b4 Bxf5 29.bxc5 bxc5
30.Bc3 Bxc2 31.Ne7+ Kh8 32.Bd5 Rb1 33.Rxb1 Bxb1 34.h4 h6 35.Kf2 hxg5 36.hxg5  1/2-1/2

[Event "Asia-chT"]
[Site "Singapore"]
[Date "1995.??.??"]
[Round "7"]
[White "Zagrebelny, Sergey"]
[Black "Kotsur, Pavel"]
[Result "1-0"]
[WhiteElo "2510"]
[BlackElo "2395"]

1.e4 c5 2.Nf3 Nc6 3.d4 cxd4 4.Nxd4 e6 5.Nc3 Qc7 6.Be2 a6 7.O-O Nf6 8.Kh1 Bc5
9.Nb3 Ba7 10.f4 d6 11.Bf3 O-O 12.Qe1 Nd4 13.Nxd4 Bxd4 14.Be3 e5 15.Rd1 Bxe3
16.Qxe3 Be6 17.f5 Bd7 18.g4 Bc6 19.g5 Nd7 20.f6 Nc5 21.Nd5 Bxd5 22.exd5 g6
23.Bg4 Rfb8 24.Qh3 Qd8 25.Qh4 Qf8 26.b4 Na4 27.Rf3 Kh8 28.Rh3 Qg8 29.Re1 b5
30.Bd7 Nb6 31.Bc6 h5 32.Qg4 Ra7 33.Ree3 Qh7 34.Qe2 Rc8 35.Rh4 Nd7 36.Reh3 Kg8
37.Ra3 Kh8 38.Bxb5 Nxf6 39.gxf6 Qh6 40.Rxa6 Rxa6 41.Bxa6 Rc3 42.Bd3 Ra3 43.Rc4 Rxa2
44.h4 Rb2 45.Kg2 Qf8 46.Qd2  1-0

[Event "Asia-chT"]
[Site "Singapore"]
[Date "1995.??.??"]
[Round "8"]
[White "Zhang Zhong"]
[Black "Enhbat, Tegshsuren"]
[Result "1-0"]
[WhiteElo "2430"]
[BlackElo "2285"]

1.e4 c5 2.Nf3 e6 3.d4 cxd4 4.Nxd4 Nc6 5.Nc3 d6 6.g3 a6 7.Bg2 Bd7 8.O-O Nf6
9.Be3 Be7 10.a4 Na5 11.h3 O-O 12.g4 h6 13.Kh1 Rb8 14.Qe2 Qc7 15.f4 Nh7 16.Rad1 Nc4
17.Bc1 Rfc8 18.Qf2 b5 19.axb5 axb5 20.g5 hxg5 21.fxg5 Ne5 22.h4 g6 23.Bf4 Rf8
24.Qg3 b4 25.Nce2 Rfd8 26.h5 Nf8 27.Qh3 Nc4 28.hxg6 fxg6 29.Qh6 Ne5 30.Bg3 Qc5
31.Bh3 Nf7 32.Rxf7 Kxf7 33.Rf1+ Kg8 34.Nxe6 Nxe6 35.Bxe6+ Bxe6 36.Qxg6+ Kh8
37.Qh6+ Kg8 38.Qxe6+ Kh8 39.Qh6+ Kg8 40.Qg6+ Kh8 41.Rf7  1-0

[Event "CRO-ch"]
[Site "Slavonski Brod"]
[Date "1995.??.??"]
[Round "?"]
[White "Loncar, Robert"]
[Black "Cebalo, Miso"]
[Result "0-1"]
[WhiteElo "2385"]
[BlackElo "2570"]

1.e4 c5 2.Nf3 e6 3.d4 cxd4 4.Nxd4 Nc6 5.Nc3 d6 6.Nb3 Nf6 7.Bf4 a6 8.Qd2 h6
9.f3 Be7 10.O-O-O e5 11.Be3 Be6 12.Nd5 Bxd5 13.exd5 Nb8 14.Kb1 Nbd7 15.h4 Rc8
16.g4 Nb6 17.Bxb6 Qxb6 18.Bh3 Rc7 19.g5 Nh5 20.g6 fxg6 21.Be6 Nf4 22.c4 Rxc4
23.Rc1 Rxc1+ 24.Rxc1 Nxe6 25.dxe6 O-O 26.Qd5 Kh7 27.h5 gxh5 28.a4 Bg5 29.a5 Qb5
30.Qe4+ Kh8 31.Rc3 Qe8 32.Qd5 Qg6+ 33.Ka2 Re8 34.Qxb7 Qxe6 35.Qxa6 h4 36.Qb7 h3
37.f4 Bxf4 38.Rc7 Qg8 39.a6 Be3 40.Qf3 h2 41.Qh5 Ra8  0-1

[Event "CRO-ch"]
[Site "Slavonski Brod"]
[Date "1995.??.??"]
[Round "?"]
[White "Ljubicic, Filip"]
[Black "Cebalo, Miso"]
[Result "1/2-1/2"]
[WhiteElo "2395"]
[BlackElo "2570"]

1.e4 c5 2.Nf3 e6 3.d4 cxd4 4.Nxd4 Nc6 5.Nc3 d6 6.Be3 Nf6 7.Be2 Be7 8.O-O O-O
9.f4 Bd7 10.Qe1 Nxd4 11.Bxd4 Bc6 12.Qg3 g6 13.Bd3 b5 14.Rae1 b4 15.Nd1 d5
16.e5 Ne4 17.Qe3 Qa5 18.Nf2 Nxf2 19.Rxf2 Bb5 20.f5 exf5 21.Bxf5 b3 22.e6 f6
23.a4 Be8 24.Bd3 Qxa4 25.Ref1 bxc2 26.Bxc2 Qc6 27.Bb3 Rb8 28.Rc2 Qb7 29.Ba2 Ba4
30.Rcf2 Bb3 31.Bb1 Rbc8 32.Qh6 Bd8 33.Re1 Rc7 34.Qe3 Be7 35.h4 Qb4 36.h5 Rc4
37.Bc3 Qb6 38.Qh6 Rh4 39.Bxg6 hxg6 40.Qxg6+ Kh8 41.h6 Rg4 42.Qxg4 Rg8 43.Qh4 Kh7
44.Bd4 Qb4 45.Rf4 Rg6 46.Qf2 Bc4 47.Bxa7 Bd6 48.Be3 Bxf4 49.Bxf4 Qe7 50.Ra1 Qxe6
51.Ra7+ Kh8 52.Ra8+ Rg8 53.Qg3 Qf7 54.Rxg8+ Qxg8 55.Qxg8+ Kxg8 56.Kf2 d4
57.g3 Kh7 58.Bd2 Kg6 59.b4 Bb5 60.g4 Bc4 61.Kf3 Bd5+ 62.Kg3 Bc4 63.g5 Bd3
64.gxf6 Kxf6 65.Kf4 Ke6 66.b5 Bh7 67.Kg5 Kd5  1/2-1/2

[Event "CRO-ch"]
[Site "Slavonski Brod"]
[Date "1995.??.??"]
[Round "?"]
[White "Zelcic, Robert"]
[Black "Cebalo, Miso"]
[Result "1-0"]
[WhiteElo "2500"]
[BlackElo "2570"]

1.e4 c5 2.Nf3 e6 3.d4 cxd4 4.Nxd4 Nc6 5.Nc3 d6 6.Be2 Nf6 7.O-O Be7 8.Be3 O-O
9.Kh1 Bd7 10.Nb3 a6 11.a4 Rc8 12.f4 Nb4 13.a5 Qc7 14.Bb6 Qb8 15.Bf3 e5 16.Qd2 exf4
17.Nd4 Nc6 18.Qxf4 Ne5 19.Nf5 Bxf5 20.Qxf5 Rc4 21.Be2 Rb4 22.Rab1 Qc8 23.Qf4 Qe6
24.Qe3 Rc8 25.b3 Neg4 26.Qg3 Qe5 27.Na2 Qxg3 28.hxg3 Rxe4 29.Bf3 Rxc2 30.Bxe4 Nxe4
31.Nb4 Nxg3+ 32.Kg1 Ne2+ 33.Kh1 Ng3+ 34.Kg1 Re2 35.Rfe1 Re6 36.Rxe6 fxe6
37.Rb2 d5 38.Nd3 e5 39.Rc2 d4 40.Bd8 Bxd8 41.Rc8 Kf7 42.Rxd8 e4 43.Nc5 e3
44.Nd3 Ke7 45.Rd5 h6 46.Ne1 Ne2+ 47.Kh1 Nf6 48.Rc5 Kd6 49.Rc8 Nf4 50.Rc4 Kd5
51.Nc2 Ne2 52.g3 Ng4 53.Kg2 d3 54.Nb4+ Kd6 55.Nxd3 Ne5 56.Nxe5 Kxe5 57.Kf3 Nd4+
58.Kxe3 Nxb3 59.Rc3  1-0

[Event "SLO-chT"]
[Site "?"]
[Date "1995.??.??"]
[Round "3"]
[White "Vodopivec, Vladimir"]
[Black "Slibar, Matjaz"]
[Result "0-1"]
[WhiteElo "2010"]
[BlackElo "2240"]

1.e4 c5 2.Nf3 Nc6 3.d4 cxd4 4.Nxd4 e6 5.Nc3 Qc7 6.Nxc6 bxc6 7.Be2 Bb7 8.O-O a6
9.Bf3 d5 10.exd5 cxd5 11.Ne2 Bd6 12.g3 Ne7 13.c3 O-O 14.Bg2 Rab8 15.Re1 a5
16.Nf4 Ba6 17.Bf1 Bxf1 18.Rxf1 Rfc8 19.Ne2 Be5 20.Rb1 Rb7 21.Bd2 Nf5 22.b4 Nd6
23.bxa5 Rxb1 24.Qxb1 Qxa5 25.Be3 Ra8 26.Qb4 Qxb4 27.cxb4 Rxa2 28.Nc1 Ra1
29.Bc5 Nb5 30.Ne2 f6 31.Rxa1 Bxa1 32.f3 Kf7 33.Kf1 e5 34.g4 Ke6 35.Ng3 Bd4
36.Bf8 Kf7 37.Bc5 Bxc5 38.bxc5 Ke6 39.Kf2 g6 40.Ke3 Kd7 41.h4 Kc6 42.f4 Kxc5
43.f5 gxf5 44.Nxf5 Nd6 45.Ne7 d4+ 46.Ke2 Kc4 47.Ng8 d3+ 48.Ke3 Kc3 49.Nxf6 d2
50.Nd5+ Kc4 51.Nb6+ Kb5  0-1

[Event "SLO-chT"]
[Site "?"]
[Date "1995.??.??"]
[Round "4"]
[White "Kosmac, Blaz"]
[Black "Polajzer, Danilo"]
[Result "0-1"]
[WhiteElo "2020"]
[BlackElo "2435"]

1.e4 c5 2.Nf3 e6 3.d4 cxd4 4.Nxd4 Nc6 5.Nc3 d6 6.Be2 Nf6 7.O-O Be7 8.Be3 O-O
9.f4 e5 10.Nb3 exf4 11.Bxf4 Be6 12.Kh1 d5 13.exd5 Nxd5 14.Nxd5 Qxd5 15.Bf3 Qxd1
16.Raxd1 Rfd8 17.Be3 Rac8 18.c3 b6 19.Nd4 Nxd4 20.Rxd4 Bc5 21.Rxd8+ Rxd8
22.Bxc5 bxc5 23.a3 Bb3 24.Rf2 f5 25.g3 Kf7 26.g4 f4 27.Be4 g5 28.Bxh7 Rd1+
29.Kg2 Bd5+ 30.Kh3 Re1  0-1

[Event "SLO-chT"]
[Site "?"]
[Date "1995.??.??"]
[Round "5"]
[White "Cigan, Stefan"]
[Black "Kosmac, Blaz"]
[Result "1-0"]
[WhiteElo "2370"]
[BlackElo "2020"]

1.e4 c5 2.Nf3 e6 3.d4 cxd4 4.Nxd4 Nc6 5.Nc3 Qc7 6.f4 a6 7.Be2 b5 8.Nxc6 Qxc6
9.Bf3 Bb7 10.Be3 Qc7 11.Qd4 h5 12.O-O-O Ne7 13.a3 Nc6 14.Qb6 Qxb6 15.Bxb6 d6
16.Bc7 Kd7 17.Bxd6 Bxd6 18.e5 Na5 19.Rxd6+ Kc7 20.Rhd1 Bxf3 21.Rd7+ Kb6 22.gxf3 Rhf8
23.Ne4  1-0

[Event "Sollentuna op"]
[Site "Sollentuna"]
[Date "1995.??.??"]
[Round "1"]
[White "Safholm, Sten"]
[Black "Hellsten, Johan"]
[Result "0-1"]
[WhiteElo "2210"]
[BlackElo "2420"]

1.e4 c5 2.Nf3 e6 3.d4 cxd4 4.Nxd4 Nc6 5.Nc3 a6 6.g3 d6 7.Bg2 Bd7 8.O-O Nf6
9.Be3 Be7 10.f4 O-O 11.Qe2 Qc7 12.Kh1 Rac8 13.Nf3 b5 14.a3 Na5 15.Bd4 Bc6
16.h3 Qb7 17.Rfe1 Rfe8 18.g4 Bd8 19.Kh2 e5 20.fxe5 dxe5 21.Bf2 Nc4 22.b3 Nd6
23.Nh4 Bd7 24.Nd5 Nxd5 25.exd5 Bg5 26.Be4 Rc3 27.Nf3 Bf4+ 28.Kg2 h5 29.Ng1 hxg4
30.hxg4 Qc8 31.Ra2 Bxg4 32.Bf3 Bxf3+ 33.Nxf3 Qg4+  0-1

[Event "Sollentuna op"]
[Site "Sollentuna"]
[Date "1995.??.??"]
[Round "5"]
[White "Ostergaard, Dan"]
[Black "Hellsten, Johan"]
[Result "1-0"]
[WhiteElo "2245"]
[BlackElo "2420"]

1.e4 c5 2.Nf3 e6 3.d4 cxd4 4.Nxd4 Nc6 5.Nc3 a6 6.g3 Nge7 7.Nb3 d6 8.Bg2 Bd7
9.O-O Nc8 10.a4 Be7 11.a5 O-O 12.Be3 Qc7 13.Na4 Ne5 14.Nb6 Nxb6 15.axb6 Qc8
16.Na5 Nc4 17.Nxc4 Qxc4 18.b3 Qc8 19.c4 Bc6 20.Qd3 f5 21.Ra5 g6 22.b4 Qd7
23.Rd1 Rac8 24.Bh6 Rf7 25.Bf4 fxe4 26.Bxe4 Bf8 27.Be3 Bxe4 28.Qxe4 Rf5 29.Rc5 Rcxc5
30.Bxc5 Qa4 31.Qxe6+ Rf7 32.Rxd6 Bxd6 33.Qxd6 Qe8 34.Be3 Rd7 35.Qf4 Rd1+
36.Kg2 Qc6+ 37.Kh3 Rd8 38.c5 Re8 39.Qc4+ Qe6+ 40.Qxe6+ Rxe6 41.Bf4 Kf7 42.Kg4 Kf6
43.h4 h5+ 44.Kf3 Kf5 45.Bd6 Rf6 46.Bf4 Rf7 47.Bc7 Ke6+ 48.Ke4 Kd7 49.f4 Rf5
50.Be5 Kc6 51.Kd4 Rf8 52.Bd6 Re8 53.Be5 Re7 54.Kc4 Rf7 55.Bd6 Rf5 56.Be5 Rf8
57.Bd6 Rd8 58.Kd4 Re8 59.Be5 a5 60.bxa5 Ra8 61.Bd6 Rxa5 62.Ke5 Ra3 63.Kf6 Kd7
64.c6+ Kxd6 65.cxb7  1-0

[Event "St Affrique op"]
[Site "St Affrique"]
[Date "1995.??.??"]
[Round "2"]
[White "Rue, Pascal"]
[Black "Cebalo, Miso"]
[Result "1/2-1/2"]
[WhiteElo "2060"]
[BlackElo "2515"]

1.e4 c5 2.Nf3 e6 3.d4 cxd4 4.Nxd4 Nc6 5.Nc3 d6 6.Be3 Nf6 7.g4 h6 8.Be2 a6
9.Rg1 Bd7 10.h4 g6 11.Qd2 b5 12.a3 h5 13.Bg5 hxg4 14.Nxc6 Bxc6 15.e5 Be7
16.exf6 Bf8 17.Bxg4 d5 18.Qd4 Qc7 19.O-O-O Bd6 20.Rge1 O-O-O 21.Kb1 Kb8 22.Bxe6 fxe6
23.Rxe6 Rhf8 24.Re7 Rd7 25.Rxd7 Qxd7 26.Qb6+ Qb7 27.Qxb7+ Kxb7 28.Nxd5 Be5
29.f4 Bb8 30.Ne7 Be8 31.f5 gxf5 32.Nxf5 Bh5 33.Re1 Bg6 34.Ne7 Bf7 35.Rd1 Bc7
36.Rd4 Rd8 37.Rxd8 Bxd8 38.Bf4 Bh5 39.Kc1 Bb6 40.Nf5 Kc6 41.Ng7 Bf7 42.h5 Kd5
43.h6 Bg6 44.Bd2 Bd4 45.Bg5 Be5 46.c3 a5 47.Kd2 a4 48.Ke3 Bd6 49.Bf4 Bf8
50.Kd2 Bxg7 51.hxg7 Bf7 52.Kd3 Bg6+ 53.Ke3 Bf7 54.Bc7 Ke6 55.Bd8 Ke5 56.Be7 Bg8
57.Kf3 Kf5 58.Kg3 Bf7 59.Kh4 Kf4 60.Bc5 Kf5 61.Bd4 Kf4 62.c4 bxc4 63.Bc3 Kf5
64.Kg3 Bd5 65.Kf2 Kf4 66.Ke2 Ke4 67.Kd2 Bf7 68.Ba5 Ke5 69.Bd8 Kd4 70.Bc7 Be6
71.Bb6+ Ke5 72.Kc3 Kxf6 73.Bd4+ Kf7 74.Kb4 Bd7 75.Kxc4 Be6+  1/2-1/2

[Event "Wch U14"]
[Site "St Lorenzo"]
[Date "1995.??.??"]
[Round "7"]
[White "Fressinet, Laurent"]
[Black "Kundin, Alexander"]
[Result "1-0"]
[WhiteElo "2145"]
[BlackElo "2220"]

1.e4 c5 2.Nf3 Nc6 3.Nc3 e6 4.d4 cxd4 5.Nxd4 Nf6 6.Nxc6 bxc6 7.e5 Nd5 8.Ne4 Qc7
9.f4 Qb6 10.c4 Bb4+ 11.Ke2 f5 12.Nf2 Nc7 13.Nd3 Be7 14.Be3 c5 15.Kf2 Bb7
16.b4 Na6 17.b5 Nb8 18.Qh5+ g6 19.Qh6 Bf8 20.Qg5 Rg8 21.Be2 Qc7 22.Rhd1 h6
23.Qh4 h5 24.Kg1 d5 25.exd6 Bxd6 26.Qf6 Qc8 27.Ne5 Bxe5 28.Qxe5 Kf7 29.Qd6 Be4
30.Bxc5 Qb7 31.Bf1 Rc8 32.Be3 Qe7 33.c5 Qxd6 34.Rxd6 Bd5 35.c6 a6 36.Rxd5 exd5
37.b6 Nxc6 38.b7 Nb4 39.bxa8=Q Rxa8 40.Bc5 a5 41.a3 Na6 42.Bb6 a4 43.Rd1 Rb8
44.Bxa6 Rxb6 45.Bf1 Rb3 46.Rd3 Rb5 47.Rd4 Ra5 48.Be2 Ke6 49.Bd1  1-0

[Event "St Petersburg Seniors"]
[Site "St Petersburg"]
[Date "1995.??.??"]
[Round "?"]
[White "Zaitsev, Igor A"]
[Black "Karasev, Vladimir I"]
[Result "0-1"]
[WhiteElo "2470"]
[BlackElo "2385"]

1.e4 c5 2.Nf3 e6 3.Nc3 Nc6 4.d4 cxd4 5.Nxd4 a6 6.g3 Nge7 7.Bg2 Nxd4 8.Qxd4 Nc6
9.Qd2 Qc7 10.b3 Bb4 11.a3 Be7 12.Bb2 b5 13.O-O O-O 14.Rad1 d6 15.f4 Bb7 16.g4 b4
17.axb4 Nxb4 18.g5 d5 19.exd5 Rfd8 20.f5 Nxd5 21.Nxd5 Bxd5 22.Bxd5 Rxd5 23.Qg2 Rxd1
24.Rxd1 Rd8 25.Rxd8+ Qxd8 26.Qg4 Qd2  0-1

[Event "Chigorin mem"]
[Site "St Petersburg"]
[Date "1995.??.??"]
[Round "2"]
[White "Orlov, Vassily"]
[Black "Taimanov, Mark E"]
[Result "1/2-1/2"]
[WhiteElo "2415"]
[BlackElo "2510"]

1.e4 c5 2.Nf3 e6 3.d4 cxd4 4.Nxd4 Nc6 5.Nc3 a6 6.g3 Nge7 7.Nb3 d6 8.Bg2 Bd7
9.O-O Nc8 10.Qe2 Be7 11.Nd1 b5 12.Ne3 Nb6 13.Rd1 Rc8 14.f4 O-O 15.c3 Na4
16.Nc2 Qc7 17.Ncd4 Rfe8 18.Be3 e5 19.Nf3 exf4 20.gxf4 Bf8 21.Nfd4 Nc5 22.Nxc5 dxc5
23.Nf3 Rxe4 24.Ng5 Re7 25.Qc2 g6 26.Bxc5 Bf5 27.Qf2 Rd7 28.Bxf8 Rxf8 29.Qh4 h5
30.Ne4 Bxe4 31.Bxe4 Re8 32.f5 Rde7 33.Bd5 Kh7 34.Kh1 Re5 35.Qf6 Nd8 36.fxg6+ fxg6
37.Rg1 Qg7 38.Qxg7+ Kxg7 39.c4 Ne6 40.Bxe6 R8xe6 41.cxb5 axb5 42.Rg2 h4 43.a4 h3
44.Rg3 bxa4 45.Rxa4 Re1+ 46.Rg1 R6e2 47.Ra3 Rxg1+ 48.Kxg1 Rg2+ 49.Kh1  1/2-1/2

[Event "St Petersburg op"]
[Site "St Petersburg"]
[Date "1995.??.??"]
[Round "2"]
[White "Klimov, Sergey"]
[Black "Galkin, Alexander"]
[Result "1/2-1/2"]
[WhiteElo "2235"]
[BlackElo "2415"]

1.e4 c5 2.Nf3 e6 3.d4 cxd4 4.Nxd4 Nc6 5.Nc3 Qc7 6.g3 a6 7.Bg2 Nf6 8.O-O Be7
9.Re1 d6 10.Nxc6 bxc6 11.e5 dxe5 12.Rxe5 O-O 13.Qe2 Bd6 14.Re3 Nd5 15.Nxd5 exd5
16.c4 Bc5 17.Re8 Be6 18.Rxa8 Rxa8 19.cxd5 Bxd5  1/2-1/2

[Event "St Petersburg op"]
[Site "St Petersburg"]
[Date "1995.??.??"]
[Round "2"]
[White "Sivokho, Sergey"]
[Black "Brodsky, Michail"]
[Result "1/2-1/2"]
[WhiteElo "2395"]
[BlackElo "2535"]

1.e4 c5 2.Nf3 e6 3.Nc3 Nc6 4.d4 cxd4 5.Nxd4 a6 6.g3 d6 7.Bg2 Bd7 8.O-O Be7
9.Re1 Nf6 10.Nxc6 Bxc6 11.a4 O-O 12.a5 Nd7 13.Be3 b5 14.axb6 Nxb6 15.Nd5 exd5
16.exd5 Be8 17.Bxb6 Qxb6 18.Rxe7 Qxb2 19.c4 a5 20.Be4 a4 21.Bc2 Qc3 22.Rc1 Qf6
23.Re3 a3 24.Ra1 a2 25.Bb3 Bd7 26.Rxa2 Rxa2 27.Bxa2 g6 28.Bb1 Rb8 29.Bd3 Bh3
30.Bf1 Ra8 31.Qd2 Ra1 32.Re1 Qe5 33.Rxa1 Qxa1 34.Qe2 h5 35.Qd3 Kf8 36.f3 Qe1
37.Qe2 Qa1 38.Qd3 Qe1 39.f4 Kg8 40.Qe2 Qa1 41.Qd3 Qe1  1/2-1/2

[Event "Chigorin mem"]
[Site "St Petersburg"]
[Date "1995.??.??"]
[Round "6"]
[White "Bezgodov, Alexei"]
[Black "Taimanov, Mark E"]
[Result "1/2-1/2"]
[WhiteElo "2475"]
[BlackElo "2510"]

1.e4 c5 2.Nf3 e6 3.d4 cxd4 4.Nxd4 Nc6 5.Nc3 a6 6.Nxc6 bxc6 7.Bd3 d5 8.O-O Nf6
9.Re1 Be7 10.e5 Nd7 11.Qg4 g6 12.Bh6 Bf8 13.Bxf8 Kxf8 14.h4 Rb8 15.Na4 c5
16.b3 Rg8 17.c3 h5 18.Qf4 g5 19.Qe3 Qe7 20.hxg5 Qxg5 21.Bf1 Qxe3 22.Rxe3 Bb7
23.Rh3 Bc6 24.Nb2 c4 25.Rxh5 cxb3 26.axb3 Rxb3 27.Nd1 Bb7 28.Bxa6 Bxa6 29.Rxa6 Ke7
30.Ra1 Rgb8 31.Kf1 Rb1 32.Rxb1 Rxb1 33.Ke2 Ra1 34.f4 Ra2+ 35.Kf3 Ra1 36.Rh1 Nc5
37.g4 Ne4 38.Nf2 Rxh1 39.Nxh1 Nxc3  1/2-1/2

[Event "St Petersburg-ch"]
[Site "St Petersburg"]
[Date "1995.??.??"]
[Round "8"]
[White "Lukin, Andrei M"]
[Black "Taimanov, Mark E"]
[Result "1/2-1/2"]
[WhiteElo "2420"]
[BlackElo "2505"]

1.e4 c5 2.Nf3 e6 3.d4 cxd4 4.Nxd4 Nc6 5.Nc3 a6 6.Be2 Nge7 7.O-O Nxd4 8.Qxd4 Nc6
9.Qd3 Qc7 10.Bg5 Bd6 11.Kh1 Ne5 12.Qd2 f6 13.Bh4 Ng6 14.Bg3 Bxg3 15.hxg3 b5
16.f4 Bb7 17.Bd3 O-O 18.a4 b4 19.Ne2 Qc5 20.c3 bxc3 21.Qxc3 Qh5+ 22.Kg1 d5
23.Nd4 e5 24.Qb3 exd4 25.Qxb7 dxe4 26.Qxe4 Qg4 27.f5 Ne5 28.Qxg4 Nxg4 29.Rf4 Ne5
30.Rxd4 Nxd3 31.Rxd3 Rfd8 32.Rad1 Rxd3 33.Rxd3 Rb8 34.b3 h5  1/2-1/2

[Event "St Petersburg-ch"]
[Site "St Petersburg"]
[Date "1995.??.??"]
[Round "12"]
[White "Yemelin, Vasily"]
[Black "Taimanov, Mark E"]
[Result "1/2-1/2"]
[WhiteElo "2515"]
[BlackElo "2505"]

1.e4 c5 2.Nf3 e6 3.d4 cxd4 4.Nxd4 Nc6 5.Nc3 a6 6.Be2 Nge7 7.Bf4 Ng6 8.Be3 Be7
9.O-O O-O 10.Na4 Nxd4 11.Bxd4 b5 12.Nb6 Rb8 13.Nxc8 Qxc8 14.a4 Qc6 15.axb5 axb5
16.Re1 Bc5 17.Bxc5 Qxc5 18.c3 Ne5 19.Qd4  1/2-1/2

[Event "Stockholm-B"]
[Site "Stockholm"]
[Date "1995.??.??"]
[Round "10"]
[White "Norqvist, Jorgen"]
[Black "Sammalvuo, Tapani"]
[Result "0-1"]
[WhiteElo "2155"]
[BlackElo "2390"]

1.e4 c5 2.Nf3 e6 3.d4 cxd4 4.Nxd4 Nc6 5.Nc3 d6 6.g3 Nf6 7.Bg2 Bd7 8.O-O Be7
9.b3 Nxd4 10.Qxd4 Qc7 11.Bb2 O-O 12.Rac1 b5 13.Nd1 Bc6 14.c4 e5 15.Qd3 Qb7
16.Nc3 bxc4 17.Qxc4 Rfc8 18.Qe2 a5 19.Ba3 a4 20.b4 Bd7 21.Rfd1 Be6 22.Nd5 Nxd5
23.exd5 Bd7 24.Rc6 Rxc6 25.dxc6 Bxc6 26.Bxc6 Qxc6 27.b5 Qb6 28.Rc1 Rb8 29.Rc6 Qd4
30.Rc4 Qd5 31.Rb4 Rb6 32.Qc4 Qxc4 33.Rxc4 f6 34.Rxa4 Rxb5 35.Ra7 Kf8 36.Kg2 Rb6
37.Kf3 Kf7 38.Bc1 Ke6 39.Be3 Rc6 40.Rb7 d5 41.Rb6 Rxb6 42.Bxb6 Kd6 43.h4 Kc6
44.Be3 Bc5 45.Bd2 e4+ 46.Ke2 d4 47.Be1 d3+ 48.Kd1 Kb5 49.g4 g6 50.a4+ Kxa4
51.h5 Bb4 52.g5 f5 53.hxg6 hxg6 54.Bxb4 Kxb4 55.Kd2 Kc4 56.Kd1 Kc3 57.f3 exf3
58.Ke1 f4 59.Kd1 f2 60.Kc1 f1=R+  0-1

[Event "SVK-chT"]
[Site "?"]
[Date "1995.??.??"]
[Round "?"]
[White "Gazik, Igor"]
[Black "Salai, Ladislav"]
[Result "1-0"]
[WhiteElo "2400"]
[BlackElo "2425"]

1.e4 c5 2.Nf3 Nc6 3.Nc3 e6 4.d4 cxd4 5.Nxd4 Nf6 6.Nxc6 bxc6 7.Bd3 e5 8.f4 d6
9.f5 d5 10.Qf3 Bb4 11.O-O O-O 12.Bg5 Rb8 13.Rad1 d4 14.Nb1 Be7 15.Bc1 Ne8
16.Qg3 Bf6 17.Nd2 Nd6 18.Nc4 Nxc4 19.Bxc4 Rb6 20.Qa3 Qe7 21.b3 Qc7 22.Bd2 Qe7
23.b4 Bg5 24.Qg3 Bf6 25.a4 Ba6 26.Bxa6 Rxa6 27.a5 c5 28.b5 Rd6 29.Qd3 Bg5
30.Qc4 Be3+ 31.Bxe3 dxe3 32.Qe2 Rxd1 33.Rxd1 Rd8 34.Rd5 Rxd5 35.exd5 Qd8
36.Qxe3 Qxd5 37.Qd3 Qa8 38.c4 h6 39.Qd5 Qe8 40.Qxc5 Qd8 41.h3 Qxa5 42.Qxe5 Qb6+
43.Kh2 Kh7 44.Kg3 f6 45.Qe4 Qd6+ 46.Kf3 Qd1+ 47.Ke3 Qd6 48.Qd5 Qg3+ 49.Kd4 Qa3
50.Qe4 Qd6+ 51.Ke3 Qa3+ 52.Kd4 Qd6+ 53.Qd5 Qa3 54.Qc6 Qb2+ 55.Kc5 Qf2+ 56.Kd6 Qxf5
57.Kc7 Qe5+ 58.Kb7 Qe7+ 59.Qc7 Qa3 60.Ka8 Qa4 61.Qf7 Qa2 62.Qd5 Qa5 63.Qe4+ Kh8
64.Qe8+ Kh7 65.c5 Qa4 66.Qb8 a6 67.b6 Qc6+ 68.b7 Qxc5 69.Qf4 Qc6 70.Qf3  1-0

[Event "BCF-ch"]
[Site "Swansea"]
[Date "1995.??.??"]
[Round "7"]
[White "Howell, James C"]
[Black "Kelly, Bryan"]
[Result "1/2-1/2"]
[WhiteElo "2525"]
[BlackElo "2300"]

1.e4 c5 2.Nf3 e6 3.d4 cxd4 4.Nxd4 Nc6 5.Nc3 Qc7 6.Be2 Nf6 7.O-O d6 8.Be3 Be7
9.f4 O-O 10.Kh1 a6 11.a4 Re8 12.Bf3 Nxd4 13.Qxd4 e5 14.Qd2 exf4 15.Bxf4 Be6
16.Rfd1 Rad8 17.a5 Ng4 18.Bxg4 Bxg4 19.Nd5 Qc6 20.Re1 Rc8 21.c4 Bh4 22.Rf1 Bd8
23.h3 Bh5 24.b3 Rxe4 25.Rae1 Bg6 26.Rxe4 Bxe4 27.Qb4 Bh4 28.Bg3  1/2-1/2

[Event "SWZ-chT"]
[Site "SWZ"]
[Date "1995.??.??"]
[Round "3"]
[White "Campora, Daniel H"]
[Black "Franzoni, Giancarlo"]
[Result "1-0"]
[WhiteElo "2550"]
[BlackElo "2445"]

1.e4 c5 2.Nf3 e6 3.d4 cxd4 4.Nxd4 Nc6 5.Nc3 Qc7 6.g3 d6 7.Bg2 Nxd4 8.Qxd4 Nf6
9.Bg5 Be7 10.O-O-O Bd7 11.f4 h6 12.Bxf6 Bxf6 13.Qxd6 Qxd6 14.Rxd6 Bxc3 15.bxc3 Bc6
16.Re1 Ke7 17.Rd2 Rad8 18.Bf1 Rxd2 19.Kxd2 g5 20.Ke3 Rg8 21.Bd3 gxf4+ 22.Kxf4 Rg5
23.e5 Rg8 24.c4 Rd8 25.g4 Rd4+ 26.Kg3 Kf8 27.Rf1 Kg7 28.h4 Rd8 29.h5 Rc8
30.g5 Be8 31.gxh6+ Kxh6 32.Rf6+ Kg7 33.h6+ Kh8 34.Rf4 b6 35.Rd4 Bc6 36.Kf4 Rg8
37.Rd6 Ba4 38.c5 bxc5 39.Ra6 c4 40.Be4 Bb5 41.Rxa7 c3 42.a4  1-0

[Event "SWZ-chT"]
[Site "SWZ"]
[Date "1995.??.??"]
[Round "5"]
[White "Rhodin, Christian"]
[Black "Kamber, Bruno"]
[Result "0-1"]
[WhiteElo "2235"]
[BlackElo "2375"]

1.e4 c5 2.Nf3 e6 3.d4 cxd4 4.Nxd4 Nc6 5.Nc3 Qc7 6.f4 a6 7.Be2 b5 8.Nxc6 Qxc6
9.Bf3 Bb7 10.e5 Qc7 11.Ne4 Rc8 12.Bd2 Nh6 13.Bc3 Nf5 14.Qd2 Be7 15.Nd6+ Bxd6
16.exd6 Qb6 17.Bxb7 Qxb7 18.O-O-O Rc6 19.g4 Nxd6 20.Bxg7 Rg8 21.Be5 Nc4 22.Qd3 Rg6
23.Rhe1 Nxe5 24.Rxe5 Rxg4 25.Qxh7 Qc7 26.Kb1 Rd6 27.Rde1 Rd2 28.a3 Rxf4 29.Rxe6+ dxe6
30.Rxe6+ Kd7 31.Re1 Qd6 32.Qh3+ Kc7 33.Qc3+ Rc4 34.Qa5+ Kd7 35.Rf1 Rd1+ 36.Rxd1 Qxd1+
37.Ka2  0-1

[Event "SWZ-chT"]
[Site "SWZ"]
[Date "1995.??.??"]
[Round "6"]
[White "Domont, Alexandre"]
[Black "Pytel, Martin"]
[Result "1-0"]
[WhiteElo "2340"]
[BlackElo "2235"]

1.e4 c5 2.Nf3 Nc6 3.d4 cxd4 4.Nxd4 e6 5.Nc3 a6 6.Nxc6 bxc6 7.Bd3 d5 8.O-O Nf6
9.Qe2 Be7 10.e5 Nd7 11.Na4 Qc7 12.Re1 c5 13.c4 d4 14.b3 Bb7 15.Bd2 h5 16.Be4 g6
17.Ba5 Qxa5 18.Bxb7 Rb8 19.Bf3 Bg5 20.Bc6 Qc7 21.Qf3 Be7 22.Nb2 Kf8 23.Nd3 Kg7
24.h4 Rb6 25.Bxd7 Qxd7 26.Re4 Qc6 27.Rae1 a5 28.Nb2 Rb7 29.Rd1 Rf8 30.Qe2 Rd7
31.Rd3 Rh8 32.Rg3 Qc7 33.Nd3 Kf8 34.Qf3 Ke8 35.Rf4 Bf8 36.Qa8+ Rd8 37.Qe4 Rd7
38.Rff3 Qb7 39.Qe1 Qa8 40.Nf4 Be7 41.Rh3 Ra7 42.Qb1 Qc6 43.Kh2 Kd8 44.Nd3 Bf8
45.Qe1 Bh6 46.Rf6 Re8 47.Qe2 a4 48.bxa4 Rxa4 49.Rxf7 Rxc4 50.Rh7 Bf8 51.Nf4 Rb4
52.Nxg6 c4 53.Rf3 Bc5 54.Rff7 d3 55.Qd2 Rb1 56.Qg5+ Kc8 57.Ne7+ Bxe7 58.Rxe7 Rd8
59.Qf6 d2 60.Rxe6 Qd5 61.Rc6+ Kb8 62.Rb6+ Rxb6 63.Qxb6+ Kc8 64.Rc7+  1-0

[Event "SWZ-ch"]
[Site "SWZ"]
[Date "1995.??.??"]
[Round "8"]
[White "Forster, Richard"]
[Black "Kaenel, Hansjuerg"]
[Result "0-1"]
[WhiteElo "2370"]
[BlackElo "2395"]

1.e4 c5 2.Nf3 e6 3.d4 cxd4 4.Nxd4 Nc6 5.Nc3 Qc7 6.Be2 Nf6 7.O-O a6 8.Be3 Bb4
9.Na4 O-O 10.c4 Be7 11.Nc3 d6 12.Rc1 Ne5 13.f4 Ned7 14.Bf3 h6 15.Qe1 Qd8
16.Kh1 Kh8 17.Qg3 Nh7 18.b3 Bh4 19.Qh3 Bf6 20.Nde2 Qe7 21.Ng3 Rb8 22.Nh5 b5
23.Nxf6 Ndxf6 24.cxb5 axb5 25.e5 dxe5 26.fxe5 Nd5 27.Nxd5 exd5 28.Qh5 Qe6
29.Bc5 Rd8 30.Bd6 Rxd6 31.exd6 Nf6 32.Qh4 Qxd6 33.Qd4 Be6 34.Rfd1 b4 35.Rc5 Qa6
36.Qf4 Rb7 37.Rc2 Qa8 38.Qd6 Qa7 39.Qc6 Rb8 40.Qd6 Qa8 41.Rd4 Qb7 42.Qc7 Qb5
43.Be2 Qe8 44.Qa5 Bf5 45.Rcd2 Ne4 46.Qxd5 Nf2+ 47.Kg1 Qe3 48.Kf1 Nh3 49.Bb5 Qg1+
50.Ke2 Re8+ 51.Kf3  0-1

[Event "SWZ-chT"]
[Site "SWZ"]
[Date "1995.??.??"]
[Round "9"]
[White "Milosevic, Goran"]
[Black "Kamber, Bruno"]
[Result "1/2-1/2"]
[WhiteElo "2390"]
[BlackElo "2375"]

1.e4 c5 2.Nf3 e6 3.d4 cxd4 4.Nxd4 Nc6 5.Nc3 Qc7 6.g3 d6 7.Bg2 Nxd4 8.Qxd4 Bd7
9.O-O Nf6 10.a4 a6 11.h3 Be7 12.Be3 O-O 13.a5 Rac8 14.Rfd1 Bc6 15.Qd2 Rfe8
16.Bb6 Qb8 17.f4 h6 18.Bf2 Red8 19.Qe2 Re8 20.Rd2 Qc7 21.Bb6 Qb8 22.Qf2 Nd7
23.Be3 Qc7 24.Kh2 Bf6 25.Rd3 Be7 26.Ne2 Bf6 27.Nd4 Nc5 28.Rc3 e5 29.Nxc6 Qxc6
30.f5 Qb5 31.Bxc5 Rxc5 32.Rb3 Qc6 33.c3 Bd8 34.Rba3 Qb5 35.Rd1 Qc6 36.Qe2 Rxa5
37.Rxa5 Bxa5 38.Qd2 Bc7 39.f6 Re6 40.fxg7 Kxg7 41.Rf1 Bb6 42.h4 Rg6 43.Qe2 Bd8
44.Bh3 Kf8 45.Qf3 Qe8 46.Bf5 Rg7 47.Qd3 Qc6 48.Be6 a5 49.Bd5 Qd7 50.Qf3 f6
51.Qh5 Qb5 52.Rf2 Qd3 53.Qf3 Qxf3 54.Rxf3 Rc7 55.Kh3 Rg7 56.Rf5  1/2-1/2